Evans (Elizabeth) The Politics of Third Wave Feminisms. Neoliberalism, Intersectionality, and the State in Britain and the US. Basingstoke, Palgrave Macmillan, 2015 (Gender and Politics). VIII + 240 p. Annexes. Bibliogr. Index. (notice n° 1631639)
[ vue normale ]
| 000 -LEADER | |
|---|---|
| fixed length control field | 02106cam a2200169 4500500 |
| 005 - DATE AND TIME OF LATEST TRANSACTION | |
| control field | 20260111111820.0 |
| 041 ## - LANGUAGE CODE | |
| Language code of text/sound track or separate title | fre |
| 042 ## - AUTHENTICATION CODE | |
| Authentication code | dc |
| 100 10 - MAIN ENTRY--PERSONAL NAME | |
| Personal name | Rigault, Charline |
| Relator term | author |
| 245 00 - TITLE STATEMENT | |
| Title | Evans (Elizabeth) The Politics of Third Wave Feminisms. Neoliberalism, Intersectionality, and the State in Britain and the US. Basingstoke, Palgrave Macmillan, 2015 (Gender and Politics). VIII + 240 p. Annexes. Bibliogr. Index. |
| 260 ## - PUBLICATION, DISTRIBUTION, ETC. | |
| Date of publication, distribution, etc. | 2017.<br/> |
| 500 ## - GENERAL NOTE | |
| General note | 100 |
| 520 ## - SUMMARY, ETC. | |
| Summary, etc. | RésuméL'analyse du débat public britannique montre qu'une partie importante de la presse nationale reste très favorable au multiculturalisme. Le traitement des événements majeurs de la décennie (les attentats de Londres de 2005 et le débat sur la « Britishness ») met à jour des conceptions radicalement opposées de la justice dans les sociétés postcoloniales. L'utilisation d'une méthodologie inductive révèle donc : 1/ la permanence d'un clivage droite-gauche très net ; 2/ une grande hétérogénéité dans la position des acteurs sociaux ; 3/ un spectre des idées politiques plus large que ne le laisse supposer la thèse dominante du « multiculturalism backlash ». |
| 520 ## - SUMMARY, ETC. | |
| Summary, etc. | The two britain. An analysis of the ideological split driven by postcolonial immigrationThe analysis of the British public debate shows that a significant proportion of the national press is still very supportive of multiculturalism. The treatment of the great events of the decade (the London bombings and the debate on Britishness) reveals radically opposite conceptions of justice in postcolonial societies. The use of an inductive methodology thus reveals: 1/ the permanence of a sharp right-left split; 2/ a greater heterogeneity in the position of the social actors; 3/ a wider spectrum of political ideas than the dominant thesis of multiculturalism backlash suggests. |
| 786 0# - DATA SOURCE ENTRY | |
| Note | Revue française de science politique | 67 | 3 | 2017-07-04 | p. VI-VI | 0035-2950 |
| 856 41 - ELECTRONIC LOCATION AND ACCESS | |
| Uniform Resource Identifier | <a href="https://shs.cairn.info/revue-francaise-de-science-politique-2017-3-page-VI?lang=fr&redirect-ssocas=7080">https://shs.cairn.info/revue-francaise-de-science-politique-2017-3-page-VI?lang=fr&redirect-ssocas=7080</a> |
Pas d'exemplaire disponible.




Réseaux sociaux